| 000 | 01020nam0a22002891 4500 | ||
|---|---|---|---|
| 001 | v19\rc\1285625 | ||
| 005 | 20250618023813.0 | ||
| 035 | _a(NLR Aleph) 004453364 | ||
| 090 |
_a4483734 _c4483734 |
||
| 100 | _a20060306d1860 |||y0rusy50 ca | ||
| 101 | 0 | _arus | |
| 102 | _aRU | ||
| 105 | _ay z |||a| | ||
| 200 | 1 |
_aЧто имеем - не храним, потерявши - плачем _eКомедия-водевиль в 1 д., соч. С. Соловьева |
|
| 205 | _a2-е изд. [Печ. с изд. 1845 г. без перемены] | ||
| 210 |
_aМосква _cтип. М. Смирновой _d1860 |
||
| 215 |
_a190 с. _d13 |
||
| 700 | 1 |
_aСоловьев _bС. П. _cписатель, актер _f1817-1879 _gСергей Петрович _3RU\NLR\AUTH\770274987 |
|
| 790 | 0 |
_aС.С. _f1817-1879 |
|
| 801 | 0 |
_aRU _bNLR _gpsbo |
|
| 801 | 0 |
_aRU _bRuMoRGB _2psbo |
|
| 801 | 1 |
_aRU _bProSoft-M _2rusmarc |
|
| 852 |
_aNLR _j37.46.7.43 |
||
| 899 | _aБАН | ||
| 899 | _aНБ СПбГУ | ||
| 942 | _cBOOK | ||
| 980 | _aNB | ||